Economic analysis in highway programming, location and desing (Record no. 543224)
[ view plain ]
| 000 -LEADER | |
|---|---|
| fixed length control field | 00444nam a22001337a 4500 |
| 082 ## - DEWEY DECIMAL CLASSIFICATION NUMBER | |
| Classification number | 388.11 |
| Author Mark | NAT |
| -- | D |
| 110 ## - MAIN ENTRY--CORPORATE NAME | |
| Corporate name or jurisdiction name as entry element | National research council. |
| 9 (RLIN) | 37043 |
| 245 ## - TITLE STATEMENT | |
| Title | Economic analysis in highway programming, location and desing |
| Statement of responsibility, etc. | National research council. |
| 260 ## - PUBLICATION, DISTRIBUTION, ETC. | |
| Place of publication, distribution, etc. | Washington, D.C: |
| Date of publication, distribution, etc. | 1960. |
| Name of publisher, distributor, etc. | National research council, |
| 300 ## - PHYSICAL DESCRIPTION | |
| Extent | v,184 p.: |
| Dimensions | 30 cm. |
| 526 ## - STUDY PROGRAM INFORMATION NOTE | |
| Program name | 0 |
| Interest level | 0 |
| Reading level | 0 |
| Title point value | 388_110000000000000_NAT |
| 650 ## - SUBJECT ADDED ENTRY--TOPICAL TERM | |
| Topical term or geographic name entry element | MCE |
| 9 (RLIN) | 379 |
| 942 ## - ADDED ENTRY ELEMENTS (KOHA) | |
| Source of classification or shelving scheme | |
| Koha item type | Book |
| Withdrawn status | Lost status | Source of classification or shelving scheme | Damaged status | Not for loan | Permanent Location | Current Location | Date acquired | Total Checkouts | Full call number | Barcode | Date last seen | Price effective from | Koha item type |
|---|---|---|---|---|---|---|---|---|---|---|---|---|---|
| Military College of Engineering (MCE) | Military College of Engineering (MCE) | 03/18/2014 | 388.11 NAT | MCE-42355 | 03/18/2014 | 03/18/2014 | Book |
